|
|
|
|
| LEADER |
00000nam a2200000 a 4500 |
| 001 |
UCY5490 |
| 003 |
CL-VaPUC |
| 008 |
950511e19940000CL |||||||||||||||||spa|d |
| 082 |
0 |
4 |
|a 333.75
|b HAR
|2 21
|
| 100 |
0 |
|
|a Hartwig Carte, Fernando
|e author
|9 334316
|
| 245 |
1 |
3 |
|a La tierra que recuperamos
|
| 300 |
|
|
|a 256 p
|
| 942 |
|
|
|c BK
|
| 945 |
|
|
|d 19950511 00:00:00
|a aalvarez
|
| 260 |
|
|
|a Santiago
|b Los Andes
|c 1994
|
| 650 |
|
7 |
|a RECURSOS FORESTALES
|2 CL-VaPUC
|9 334317
|
| 650 |
|
7 |
|a PLANTACIONES
|2 CL-VaPUC
|9 264391
|
| 651 |
|
7 |
|a CHILE
|2 CL-VaPUC
|9 334318
|
| 583 |
|
|
|a last modification
|c 19950511 00:00:00
|k Rodrigo Vera
|
| 999 |
|
|
|c 233146
|d 233144
|
| 952 |
|
|
|0 0
|1 0
|4 0
|6 333_750000000000000_HAR_1994
|7 0
|8 A
|9 238408
|a BIBING
|b BIBING
|d 2019-11-18
|i 3084019
|l 1
|o 333.75 HAR 1994
|p 3084019
|r 2025-01-20
|s 2024-11-25
|w 2019-11-18
|y BK
|k GEO
|